| 000 -ლიდერი |
| ფიქსირებული სიგრძის საკონტროლო ველი |
01087nam a2200217Ia 4500 |
| 001 - საკონტროლო ნომერი |
| საკონტროლო ველი |
6801 |
| 003 - საკონტროლო ნომრის იდენტიფიკატორი |
| საკონტროლო ველი |
GE_BSU |
| 005 - ბოლო ოპერაციის თარიღი და დრო |
| საკონტროლო ველი |
20190502142825.0 |
| 008 - ფიქსირებული სიგრძის მონაცემთა ელემენტები - ზოგადი ინფორმაცია |
| ფიქსირებული სიგრძის საკონტროლო ველი |
181216s1980||||ge |||||||||||||| ||geo|| |
| 040 ## - კატალოგიზაციის წყარო |
| Transcribing agency |
GE_BSU |
| 041 ## - ენის კოდი |
| Language code of text/sound track or separate title |
geo |
| 080 ## - უნივერსალური ათობითი კლასიფიკაციის ინდექსი |
| Universal Decimal Classification number |
624.072.2/7 მ-74 |
| 100 ## - მთავარი ჩანაწერი - პიროვნების სახელი |
| Personal name |
მიქელაძე, მ. |
| 9 (RLIN) |
563 |
| 245 ## - ცნობა სათაურის შესახებ |
| Title |
თხელკედლიანი სივრცული სისტემების გაანგარიშების საფუძვლები : |
| Remainder of title |
სახელმძღვ. / |
| Statement of responsibility, etc |
მ.მიქელაძე ; რედ. დ.მაღულარია. |
| 264 ## - წარმოების, გამოცემის, დისტრიბუციის და სხვა ცნობები |
| გამოცემის, წარმოების, დისტრიბუციის... ადგილი |
თბილისი : |
| გამოცემის, წარმოების, დისტრიბუციის... სახელწოდება |
განათლება, |
| გამოცემის, წარმოების, დისტრიბუციის... თარიღი |
1980. |
| 300 ## - ფიზიკური აღწერა |
| Extent |
199 გვ. : |
| Other physical details |
ნახაზები ; |
| Dimensions |
22 სმ. |
| 504 ## - BIBLIOGRAPHY, ETC. NOTE |
| Bibliography, etc |
ბიბლიოგრ. : გვ.197. |
| 653 ## - INDEX TERM--UNCONTROLLED |
| Uncontrolled term |
თხელკედლიანი სივრცული სისტემების გაანგარიშების საფუძვლები |
| 700 ## - ADDED ENTRY--PERSONAL NAME |
| Personal name |
მაღულარია, დ. |
| Relator term |
რედაქტორი |
| 9 (RLIN) |
652 |
| 942 ## - ADDED ENTRY ELEMENTS (KOHA) |
| Koha item type |
წიგნი |
| Source of classification or shelving scheme |
|